Регионална библиотека "Любен Каравелов" - Русе

Светлини и сенки (Запис номер 333093)

MARC детайли
000 -Лидер
Контролно поле с фиксирана дължина nam a22 a 4500
003 - Код на организацията, давaща контролен номер
Контролно поле BLK
005 - Дата и час на последна редакция
Контролно поле 20211109101118.0
008 - Елементи от данни с фиксирана дължина
fixed length control field 190717b bu ||||| |||| 00| 0 bu d
020 ## - Международен стандартен номер на книга ISBN
Международен стандартен номер на книга ISBN 9786197368277
040 ## - Източник на каталожния запис
Идентификатор на билиотеката - собственик на записа BLK
041 ## - Код за език
Код за езика на текст/звукозапис или на отделно заглавие Български
Код за езика КДБФ Български
080 ## - УДК
Текстов определител УДК Българска литература
УДК код - определител по УДК 821.163.2
УДК определител -8
УДК - код + определител 821.163.2-8
100 1# - Редна дума - Автор
R(LIN) 273501
Автор Павлова, Иванка Стаменова
Авторска отговорност първи автор
139 ## - Редно поле
Редна дума Павлова, Иванка Стаменова
Авторски знак Павло - П 13
245 ## - Сведения за заглавието
Заглавие Светлини и сенки
260 ## - Област на издателските данни
9 (RLIN) 213686
Място на издаване, разпространение и проч. София
Име на издателя, разпространителя и проч. Артграф
Година на издаване 2019
Издателство - префикс ISBN 978-954-9401-
300 ## - Физическа характеристика
Страници 98 с.
Размери/Мащаб 20 см
380 ## - Жанр
Жанр Худож. лит.
852 ## - Местоположение
Форматна сигнатура Цб 295957
999 ## - СИСТЕМНИ КОНТРОЛНИ НОМЕРА
Koha biblionumber 333093
Koha biblioitemnumber 333093
942 ## - АРТИКУЛИ
Вид на библиотечния материал Книги
Скрит в OPAC Не
Периодичен библиозапис Да
Koha issues (borrowed), all copies 1
944 ## - СЪЗДАВАНЕ И РЕДАКЦИЯ на ЗАПИСА
Създаване/Редакция Създаване
Дата на регистрацията/редакция 2019-07-17
Служител, извършил регистрацията/редакцията Тони Тончев
Статус, дата на статуса 2019-07-17
999 ## - СИСТЕМНИ КОНТРОЛНИ НОМЕРА
Koha biblioitemnumber 333093
999 ## - СИСТЕМНИ КОНТРОЛНИ НОМЕРА
Koha biblioitemnumber 333093
999 ## - СИСТЕМНИ КОНТРОЛНИ НОМЕРА
Koha biblioitemnumber 333093
Наличности
Код за отписване Код за изгубен артикул Източник на класификационната схема Код за повреда Коз за рестрикции Код за отдаване Артикулен № Име на библиотеката - собственик Име на библиотеката, в която се намира в момента Статус (Текущо местоположение) Дата на вписване в системата Местоположение - отдел Цена в лева Систематично азбучна сигнатура Баркод Цена в евро Служебен тип на артикула
  Не е изгубен Universal Decimal Classification Не е повреден без рестрикции заемане за дома 731037 Регионална библиотека "Любен Каравелов" Русе Регионална библиотека "Любен Каравелов" Русе Заемна - подръчен фонд 2019-07-19 Заемна - подръчен фонд 8.00 П 886.7-8/П 13 120000834474 4.09 Книги
  Не е изгубен Universal Decimal Classification Не е повреден без рестрикции ползва се в читалня 731038 Регионална библиотека "Любен Каравелов" Русе Регионална библиотека "Любен Каравелов" Русе Хранилище 2019-07-19 Основен фонд - ползва се само за читалня 8.00 Цб 295957 120000834475 4.09 Книги
  Не е изгубен Universal Decimal Classification Не е повреден   ползва се в читалня 780896 Регионална библиотека "Любен Каравелов" Русе Регионална библиотека "Любен Каравелов" Русе Хранилище 2020-07-06 Хранилище 8.00 Цб 299501 120000844171 4.09 Книги
Vip Innovations Ltd, Rousse, Bulgaria 2025